000 00320nam a2200145Ia 4500
008 210210b1910 xxu||||| |||| 00| 0 eng d
041 _aeng
082 _a886/47
100 _aSHANKARACHARYA
245 _aWorks
260 _aSrirangam
_b-
_c1910
650 _aWorks
690 _aSanskrit Criticism
906 _a024554
999 _c150094
_d150094